Catalog

Record Details

Catalog Search



International Economics of Resource Efficiency Eco-Innovation Policies for a Green Economy  Cover Image E-book E-book

International Economics of Resource Efficiency [electronic resource] : Eco-Innovation Policies for a Green Economy / edited by Raimund Bleischwitz, Paul J.J. Welfens, ZhongXiang Zhang.

Bleischwitz, Raimund. (Author). Welfens, Paul J.J. (Added Author). Zhang, ZhongXiang. (Added Author). SpringerLink (Online service) (Added Author).

Record details

  • ISBN: 9783790826012
  • Physical Description: XXX, 394p. 122 illus. digital.
  • Publisher: Heidelberg : Physica-Verlag HD, 2011.
Subject: Economics.
Geography.
Sustainable development.
Economic policy.
International economics.
Macroeconomics.
Economics/Management Science.
International Economics.
Sustainable Development.
Economic Policy.
Macroeconomics/Monetary Economics.
R & D/Technology Policy.
Economic Geography.

Electronic resources


LDR 01527nam a22004335i 4500
0015751
003CONS
00520121026191239.0
007cr nn 008mamaa
008110715s2011 gw | s |||| 0|eng d
020 . ‡a9783790826012 ‡9978-3-7908-2601-2
0247 . ‡a10.1007/978-3-7908-2601-2 ‡2doi
035 . ‡a(DE-He213)978-3-7908-2601-2
050 4. ‡aHF1351-1647
072 7. ‡aKCL ‡2bicssc
072 7. ‡aBUS069020 ‡2bisacsh
1001 . ‡aBleischwitz, Raimund.
24510. ‡aInternational Economics of Resource Efficiency ‡h[electronic resource] : ‡bEco-Innovation Policies for a Green Economy / ‡cedited by Raimund Bleischwitz, Paul J.J. Welfens, ZhongXiang Zhang.
260 . ‡aHeidelberg : ‡bPhysica-Verlag HD, ‡c2011.
300 . ‡aXXX, 394p. 122 illus. ‡bdigital.
650 0. ‡aEconomics.
650 0. ‡aGeography.
650 0. ‡aSustainable development.
650 0. ‡aEconomic policy.
650 0. ‡aInternational economics.
650 0. ‡aMacroeconomics.
65014. ‡aEconomics/Management Science.
65024. ‡aInternational Economics.
65024. ‡aSustainable Development.
65024. ‡aEconomic Policy.
65024. ‡aMacroeconomics/Monetary Economics.
65024. ‡aR & D/Technology Policy.
65024. ‡aEconomic Geography.
7001 . ‡aWelfens, Paul J.J.
7001 . ‡aZhang, ZhongXiang.
7102 . ‡aSpringerLink (Online service)
7730 . ‡tSpringer eBooks
77608. ‡iPrinted edition: ‡z9783790826005
85640. ‡uhttp://dx.doi.org/10.1007/978-3-7908-2601-2 ‡9CONS
950 . ‡aBusiness and Economics (Springer-11643)
901 . ‡a5751 ‡b ‡c5751 ‡tbiblio ‡sSystem Local

Additional Resources